Laddar...

Aquatic sciences in India

Bibliografiska uppgifter
Huvudupphovsman: Biju Gopal, Ed.; Asthana, V, Ed
Materialtyp: Printed Book
Publicerad: Indian Association for Limnology and Oceanography, New Delhi 1992
Ämnen:
LEADER 00579nam a2200193 4500
020
082 |a 577.6 BIJ-A 
100 |a Biju Gopal, Ed.; Asthana, V, Ed. 
245 |a Aquatic sciences in India 
250
260 |a Indian Association for Limnology and Oceanography, New Delhi  |c 1992 
300
490
500
590 |a SUB 
650 |a Aquatic ecology-- Fresh water ecology-- Pond ecology-- Limnology 
942 |c BK 
999 |c 90796  |d 90796 
952 |0 0  |1 0  |4 0  |6 577_600000000000000_BIJA  |7 0  |9 104264  |a ZGY  |b ZGY  |l 0  |o 577.6 BIJ-A  |p ZGY03333  |r 2019-09-25  |w 2019-09-25  |y BK